01272nam a2200277 a 450000100100000000500170001000800410002702000150006804000250008308200140010810001520012224500570027426000690033130000280040049000430042850000500047150000490052150000180057050000320058870000430062070000280066383000560069195201120074795201180085999900170097700004056820201002034224.0130902s2002 sp 001 0 spa d a8484830772 aDO-SdBNPbspacBNPHU axxxbxxxx1 aVerzosa, Juan de; prólogo, Juan Gil; introducción, edición crítica, traducción anotada e índices, José María Maestre Maestre96689110aAnales del reinado de Felipe II. /cJuan de Verzosa. aMadrid, España :bInstituto de estudios humanísticos,c2002. accxxx, 280 p. ;c24 cm.1 aTextos y estudios humanisticosaTextos aÍndice cronológico de hechos históricos aÍndice alfabético de hechos históricos aIndex nominvm aÍndice de nombres propios1 aMaestre Maestre, José María9434701 aGil, Juaneprol.966892 0aTextos y estudios humanisticosgserie textos966893 001050718MOaGRbGRcCTd2013-09-02iLF1l0oxxx xxxxp40568-10r2020-06-25w2020-06-25y1ZNo se presta 001050718MOaGRbGRcCTd2013-10-03iLF1l0oxxx xxxxp40568-20r2020-06-25te. 2w2020-06-25y1ZNo se presta c40058d40058